Normal view MARC view

Entry Topical Term

Number of records used in: 2

001 - CONTROL NUMBER

  • control field: 6388

003 - CONTROL NUMBER IDENTIFIER

  • control field: dpl

005 - DATE AND TIME OF LATEST TRANSACTION

  • control field: 20100804165610.0

008 - FIXED-LENGTH DATA ELEMENTS

  • fixed length control field: 100804|||a|||||| | ||| d

040 ## - CATALOGING SOURCE

  • Original cataloging agency: dpl
  • Transcribing agency: dpl

150 ## - HEADING--TOPICAL TERM

  • Topical term or geographic name as entry element: Intel 8085 (microprocessor)

670 ## - SOURCE DATA FOUND

  • Source citation: Work cat.: (dpl): Kalaimani Raj, A. David 6386, Fundamentals of 8085 microprocessor /, 2008

670 ## - SOURCE DATA FOUND

  • Source citation: Work cat.: (dpl): Kalaimani Raj, A. David 6386, Fundamentals of 8085 microprocessor /, 2008

© Delhi Public Library
Hit Counter
free hit counter